000 00233nam a22000977a 4500
999 _c526490
_d526490
082 _aSNT T471x31 A554
100 _aGupta, Neeraj
_945657
245 _aIntellectual property portfolio
260 _aBerlin
_bSIDBI
_c2015
300 _a174p.